|
|
|
|
| LEADER |
00000nam0a2200000 4500 |
| 001 |
84391 |
| 005 |
20231031100604.0 |
| 035 |
|
|
|a (RuTPU)RU\TPU\book\90715
|
| 090 |
|
|
|a 84391
|
| 100 |
|
|
|a 20051031d1986 km y0rusy50 ca
|
| 101 |
0 |
|
|a rus
|
| 102 |
|
|
|a un
|
| 105 |
|
|
|a a g 001zy
|
| 200 |
1 |
|
|a Справочник по осветительной аппаратуре
|f Д. А. Кладницкий, С. И. Чубатый
|
| 210 |
|
|
|a Киев
|c Техника
|d 1986
|
| 215 |
|
|
|a 152 с.
|c ил.
|
| 320 |
|
|
|a Библиогр.: с. 150
|
| 610 |
1 |
|
|a осветительная аппаратура
|
| 610 |
1 |
|
|a светильники
|
| 610 |
1 |
|
|a приборы
|
| 610 |
1 |
|
|a прожекторы
|
| 610 |
1 |
|
|a справочники
|
| 675 |
|
|
|a 628.92/97(035)
|v 3
|
| 700 |
|
1 |
|a Кладницкий
|b Д. А.
|g Давид Анатольевич
|
| 701 |
|
1 |
|a Чубатый
|b С. И.
|g Степан Иванович
|
| 801 |
|
1 |
|a RU
|b 63413507
|c 20051031
|g PSBO
|
| 801 |
|
2 |
|a RU
|b 63413507
|c 20051109
|g PSBO
|
| 942 |
|
|
|c BK
|